LEADER 01014nam0 2200289 450 001 000005888 005 20060119110106.0 100 $a20051010d2000----km-y0itay50------ba 101 0 $aita 102 $aIT 105 $ay---m---001yy 200 1 $aAnalisi del commercio elettronico per i prodotti agro-alimentari$fOriana Porro$gProf. Gian Paolo Cesaretti 210 $aNapoli$cIstituto Universitario Navale$d2000 215 $a158 p.$cill.$d30 cm 328 $aTesi di Dottorato di ricerca in: Economia delle risorse alimentari e dell'ambiente XIII° ciclo 610 1 $aCommercio elettronico 610 1 $aAlimenti 676 $a658.800$v20 676 $a338$v20 700 1$aPorro,$bOriana$0630400 702 1$aCesaretti,$bGian Paolo 712 02$aIstituto Universitario Navale 801 0$aIT$bUNIPARTHENOPE$c20051010$gRICA$2UNIMARC 912 $a000005888 951 $aTESI-2000/1$cNAVA1$d2005 996 $aAnalisi del commercio elettronico per i prodotti agro-alimentari$91206172 997 $aUNIPARTHENOPE LEADER 01073nam0 22002771i 450 001 UON00130803 005 20231205102755.688 100 $a20020107d1976 |0itac50 ba 101 $anep 102 $aNP 105 $a|||| 1|||| 200 1 $aBuolaha kalakara$ekatha samgraha$fRudra Shreshtha 210 $aBhaktapura$cYuga-Vijaya Pustakalaya$d1976 215 $a5, 57 p.$d18 cm 606 $aLETTERATURA NEPALESE$3UONC009386$2FI 620 $dBhaktapur$3UONL002846 686 $aSI VI IN$cSUBCONT. INDIANO - LETTERATURE INDOARIE MINORI - NEPALI$2A 700 1$aSHRESHTHA$bRudra$3UONV080479$0668797 712 $aYuga-Vijaya Pustakalaya$3UONV262789$4650 790 1$aSRESHTHA, Rudra$zSHRESHTHA, Rudra$3UONV080480 801 $aIT$bSOL$c20240220$gRICA 899 $aSIBA - SISTEMA BIBLIOTECARIO DI ATENEO$2UONSI 912 $aUON00130803 950 $aSIBA - SISTEMA BIBLIOTECARIO DI ATENEO$dSI SI VI IN 045 $eSI SA 41684 5 045 996 $aBuolaha kalakara$91313202 997 $aUNIOR